|
|
|
|
| LEADER |
01915nam a2200529 a 4500 |
| 001 |
nkc20091927506 |
| 003 |
CZ PrNK |
| 005 |
20111222131304.0 |
| 007 |
ta |
| 008 |
090427s2011 xr ac e f 000 0 cze |
| 015 |
|
|
|a cnb001927506
|
| 020 |
|
|
|a 978-80-254-4454-2
|q (brož.)
|
| 035 |
|
|
|a (OCoLC)768555625
|
| 040 |
|
|
|a BOA001
|b cze
|d ABA001
|
| 072 |
|
7 |
|a 616
|x Patologie. Klinická medicína
|2 Konspekt
|9 14
|
| 080 |
|
|
|a 615.356:577.161.2
|2 MRF
|
| 080 |
|
|
|a 616.7
|2 MRF
|
| 080 |
|
|
|a 616.71-007.234
|2 MRF
|
| 080 |
|
|
|a 616.72-003.8
|2 MRF
|
| 080 |
|
|
|a 615.035.4
|2 MRF
|
| 080 |
|
|
|a (035)
|2 MRF
|
| 100 |
1 |
|
|a Paszková, Helena,
|d 1928-
|7 mzk2011668133
|4 aut
|4 pht
|
| 245 |
1 |
0 |
|a Nedoceněný vitamin D :
|b náš nezbytný celoživotní průvodce : doporučení pro praxi /
|c Helena Paszková
|
| 246 |
3 |
0 |
|a Vitamin D
|
| 250 |
|
|
|a Vyd. 1.
|
| 260 |
|
|
|a Brno :
|b SurGal Clinic,
|c 2011
|
| 300 |
|
|
|a 196 s. :
|b il. (převážně barev.), 1 portrét ;
|c 22 cm
|
| 500 |
|
|
|a Terminologický slovník
|
| 504 |
|
|
|a Obsahuje bibliografie
|
| 650 |
0 |
7 |
|a vitamin D
|7 ph280227
|2 czenas
|
| 650 |
0 |
7 |
|a nemoci pohybového ústrojí
|7 ph137090
|2 czenas
|
| 650 |
0 |
7 |
|a osteoporóza
|7 ph115623
|2 czenas
|
| 650 |
0 |
7 |
|a artróza
|7 ph118624
|2 czenas
|
| 650 |
0 |
7 |
|a profylaktická léčba
|7 ph645836
|2 czenas
|
| 650 |
0 |
9 |
|a vitamin D
|2 eczenas
|
| 650 |
0 |
9 |
|a musculoskeletal diseases
|2 eczenas
|
| 650 |
0 |
9 |
|a osteoporosis
|2 eczenas
|
| 650 |
0 |
9 |
|a arthrosis
|2 eczenas
|
| 650 |
0 |
9 |
|a prophylactic treatment
|2 eczenas
|
| 655 |
|
7 |
|a příručky
|7 fd133209
|2 czenas
|
| 655 |
|
9 |
|a handbooks and manuals
|2 eczenas
|
| 910 |
2 |
|
|a BOA001
|b 2-1272.968
|
| 990 |
|
|
|a BK
|
| 995 |
|
|
|a 01
|
| 991 |
|
|
|b 201111
|c NOV
|j 616.7 PAS
|e n
|
| 996 |
6 |
|
|b 2610492096
|c 2-1272.968
|l MZK
|r Sklad / do 1 hodiny
|n 1
|p p.v.
|w 001210957
|u 000010
|a 1
|e BOA001
|j MZK50
|s P
|
| 996 |
7 |
|
|b 2610492097
|c 2-1272.968
|l Vol.výběr
|r VV 1p
|n 22
|p p.v.
|h 616.7 PAS
|w 001210957
|u 000020
|a 0
|e BOA001
|j MZK50
|s A
|